Estudios sobre financierización en América Latina (Registro nro. 4323)

Detalles MARC
000 -LEADER
fixed length control field 02335 a2200253 4500
001 - CONTROL NUMBER
control field 47232
005 - DATE AND TIME OF LATEST TRANSACTION
control field 20260407155740.0
008 - FIXED-LENGTH DATA ELEMENTS--GENERAL INFORMATION
fixed length control field 260407a2018 arg spa d
003 - CONTROL NUMBER IDENTIFIER
control field AR-UNSa-BCEJYS
040 ## - CATALOGING SOURCE
Original cataloging agency AR-UNSa-BCEJYS
Language of cataloging spa
Transcribing agency AR-UNSa-BCEJYS
080 ## - UNIVERSAL DECIMAL CLASSIFICATION NUMBER
Universal Decimal Classification number 336.02
Common auxiliary subdivision Política financiera. Política fiscal
020 ## - INTERNATIONAL STANDARD BOOK NUMBER
International Standard Book Number 978-92-1-121981-4
041 ## - LANGUAGE CODE
Language code of text/sound track or separate title spa
100 1# - MAIN ENTRY--PERSONAL NAME
Personal name Pérez Caldentey, Esteban
245 10 - TITLE STATEMENT
Title Estudios sobre financierización en América Latina
264 #1 - PRODUCTION, PUBLICATION, DISTRIBUTION, MANUFACTURE, AND COPYRIGHT NOTICE
Place of production, publication, distribution, manufacture Santiago de Chile :
Name of producer, publisher, distributor, manufacturer CEPAL (Comisión Económica para América Latina y el Caribe)
Date of production, publication, distribution, manufacture, or copyright notice 2018
300 ## - PHYSICAL DESCRIPTION
Extent 355 p.
Dimensions 22 cm.
505 ## - FORMATTED CONTENTS NOTE
Formatted contents note 1. Financierización en América Latina: implicancias de la integración financiera subordinada / Annina Kaltenbrunner; Juan Pablo Painceira - 2. ¿Existe un régimen de acumulación financierizado en América Latina? Un Análisis desde la escuela de la regulación / Egidio Luis Miotti - 3. Efectos de la financierización en el cambio tecnológico en América Latina / Pablo Ignacio Chena; María Emilia Buccella; Carolina Bosnic - 4. Impacto de la política de flexibilización cuantitativa en la liquidez mundial y la estabilidad financiera / Esteban Pérez Caldentey - 5. Las finanzas, el comercio y la distribución del ingreso en las cadenas globales de valor: implicancias para las economías en desarrollo y América Latina / Carlos Aguiar de Medeiros; Nicholas Trebat - 6. Patrones financieros y de inversión en América Latina desde la perspectiva del comportamiento empresarial / Edgardo Torija Zane; Ricardo Gottschalk - 7. El papel de la financierización en la dinámica de los precios de los productos básicos / Jorge Carrera - 8. La inversión extranjera directa en América Latina: algunas implicancias macrofinancieras / Martín Abeles; Facundo Grimberg; Sebastián Valdecantos - 9. Flujos de capital y endeudamiento externo: algunas reflexiones para América Latina / Pablo G. Bortz - 10. Regulación de la cuenta de capital en una mundo financieramente complejo: la experiencia reciente en América Latina / Diego Bastourre; Nicolás Hernán Zeolla.
590 ## - LOCAL NOTE (RLIN)
Local note niveau_biblio:m niveau_hierar:0
700 1# - ADDED ENTRY--PERSONAL NAME
Personal name Abeles, Martín
700 1# - ADDED ENTRY--PERSONAL NAME
Personal name Valdecantos, Sebastián
856 41 - ELECTRONIC LOCATION AND ACCESS
Uniform Resource Identifier <a href="https://www.biblioeco.unsa.edu.ar/pmb/images/libros/L127440.jpg">https://www.biblioeco.unsa.edu.ar/pmb/images/libros/L127440.jpg</a>
Link text Imagen de portada
Electronic format type image/jpeg
942 ## - ADDED ENTRY ELEMENTS (KOHA)
Koha item type
Existencias
Withdrawn status Lost status Damaged status Not for loan Home library Current library Shelving location Date acquired Total checkouts Full call number Barcode Date last seen Price effective from Koha item type
        Biblioteca Prof. Eusebio Cleto del Rey Biblioteca Prof. Eusebio Cleto del Rey   07/04/2026   336.02 A139 L127440 07/04/2026 07/04/2026 Libro